000 00402nam a22001577a 4500
005 20251108170733.0
008 250721s9999 xx 000 0 eng d
082 1 4 _a956.94/P
245 1 0 _aOrdinances , Requlations , Rules , Orders and notices /
300 _aAnnual
650 1 7 _aPalestine
650 1 7 _aHistory
710 2 _aPalestine . Mandate Government
942 _2ddc
_cBK
999 _c47806
_d47806